000 00412nam a2200157Ia 4500
008 230524s9999 xx 000 0 und d
082 _a621.3827
_bSCH
100 _aMischa Schwartz
245 0 _a"Telecommunications Networks, Protocols, Modeling & Analysis"
250 _a2ND
260 _aNEW DELHI
_bPearson
_c2004
300 _a749
500 _aQuantity Number: 2
650 _aElectronics
942 _cBK
999 _c24818
_d24818